000 00578nam a2200133Ia 4500
008 171212s9999 xx 000 0 und d
020 _a9780833043238
100 _aMontoya, Silvia;Graham, John D.
245 _cMontoya, Silvia;Graham, John D.
_aModernizing the Federal Government
_bPaying for Performance
260 _bRAND Corporation
_c2007
650 _aPolitical Science
650 _aUnited States -- Officials and employees -- Salaries, etc.; Personnel management -- United States; Employee motivation -- United States
856 _uwww.jstor.org/stable/10.7249/op213pv-emr
999 _c352334
_d352334